|
|
|
|
| LEADER |
00967nam a22002051a 4500 |
| 999 |
|
|
|c 9628
|d 9628
|
| 082 |
|
|
|a M 894.812 092
|b AYY/C
|
| 100 |
|
|
|a Ayyappa Paniker K
|
| 245 |
|
|
|a C.V Raman Pillai/
|c by Ayyappa Paniker K
|
| 260 |
|
|
|a Thiruvananthapuram:
|b Kerala University,
|c 1993.
|
| 300 |
|
|
|a 100p.
|
| 650 |
|
|
|a Biography Raman Pillai C V
|
| 650 |
|
|
|a Biography Writers Malayalam
|
| 650 |
|
|
|a Biography
|
| 650 |
|
|
|a Literature Malayalam
|
| 650 |
|
|
|a Literature
|
| 942 |
|
|
|c BK
|
| 952 |
|
|
|0 0
|1 0
|4 0
|6 M_894_812000000000000_092_AYY_C
|7 0
|9 14069
|a SSUS
|b SSUS
|d 2015-01-08
|g 20.00
|l 1
|o M 894.812 092 AYY/C
|p 025652
|r 2017-01-07
|s 2017-01-04
|v 0.00
|w 2015-01-08
|y BK
|
| 952 |
|
|
|0 0
|1 0
|4 0
|6 M_894_812000000000000_092_AYY_C
|7 0
|9 14070
|a SSUS
|b SSUS
|d 2015-01-08
|g 20.00
|o M 894.812 092 AYY/C
|p 025653
|r 2015-04-06
|v 0.00
|w 2015-01-08
|y BK
|
| 952 |
|
|
|0 0
|1 0
|2 ddc
|4 0
|6 M_894_812000000000000_092_AYY_C
|7 0
|9 102524
|a SSUS
|b SSUS
|c STACKS
|d 2020-03-16
|g 20.00
|o M 894.812 092 AYY/C
|p 099432
|r 2020-03-16
|w 2020-03-16
|y BK
|